[Event "Prague Menchik Memorial Rapid"]
[Site "Prague"]
[Date "2022.06.05"]
[Round "2"]
[White "Sahidi, Samir"]
[Black "Janda, Pavel"]
[Result "1-0"]
[WhiteElo "2462"]
[BlackElo "2083"]
[PlyCount "49"]
[EventDate "2022.06.05"]
[EventType "swiss (rapid)"]
[EventRounds "7"]
[EventCountry "CZE"]
[SourceTitle "CBM 208 Extra"]
[Source "ChessBase"]
[SourceDate "2022.07.31"]
[SourceVersion "1"]
[SourceVersionDate "2022.07.31"]
[SourceQuality "1"]

1. e4 e5 2. Nf3 Nc6 3. Bb5 a6 4. Ba4 d6 5. c3 f5 6. exf5 Bxf5 7. 0-0 Bd3 8. Re1 Be7 9. Bc2 e4 10. Bxd3 exd3 11. Qb3 b5 12. Qd5 Qd7 13. Nd4 Nxd4 14. Qxa8+ Kf7 15. cxd4 h5 16. Nc3 Rh6 17. Qf3+ Nf6 18. Qxd3 h4 19. h3 Rg6 20. Qf3 Kg8 21. d3 d5 22. Bf4 c6 23. Be5 Bd6 24. Re2 b4 25. Na4 1-0

[Event "CZE-chT2C 1314"]
[Site "Czech Republic"]
[Date "2014.02.02"]
[Round "7.3"]
[White "Dvorak, Jan"]
[Black "Janda, Pavel"]
[Result "1-0"]
[WhiteElo "2214"]
[BlackElo "2141"]
[PlyCount "75"]
[EventDate "2013.11.03"]
[EventType "team-tourn"]
[EventRounds "11"]
[EventCountry "CZE"]
[SourceTitle "EXT 2015"]
[Source "ChessBase"]
[SourceDate "2014.11.20"]
[SourceVersion "1"]
[SourceVersionDate "2014.11.20"]
[SourceQuality "1"]
[WhiteTeam "Praha Kobylisy"]
[BlackTeam "Tabor"]
[WhiteTeamCountry "CZE"]
[BlackTeamCountry "CZE"]

1. d4 Nf6 2. c4 e6 3. Nf3 b6 4. a3 Bb7 5. Nc3 Be7 6. e3 Ne4 7. Qc2 f5 8. Be2 0-0 9. 0-0 d6 10. b4 Nd7 11. Bb2 Rf6 12. d5 Nxc3 13. Bxc3 e5 14. Ng5 h6 15. Ne6 Qc8 16. Rac1 Nf8 17. Nxf8 Rxf8 18. Qa2 Bf6 19. c5 bxc5 20. bxc5 dxc5 21. Ba5 Qd7 22. Rxc5 Rac8 23. d6+ Kh8 24. dxc7 f4 25. Qb3 Be7 26. Rd1 Qf5 27. Qxb7 Bxc5 28. Rd8 fxe3 29. f3 Bb6 30. Bxb6 Qb1+ 31. Rd1 Qb2 32. Ba6 axb6 33. Qxc8 Rxc8 34. Bxc8 Qf2+ 35. Kh1 e2 36. Rd8+ Kh7 37. Bf5+ g6 38. Rd7+ 1-0

[Event "CZE-chT2C 1314"]
[Site "Czech Republic"]
[Date "2014.01.05"]
[Round "5.5"]
[White "Hora, Milan"]
[Black "Janda, Pavel"]
[Result "1-0"]
[WhiteElo "2133"]
[BlackElo "2141"]
[PlyCount "81"]
[EventDate "2013.11.03"]
[EventType "team-tourn"]
[EventRounds "11"]
[EventCountry "CZE"]
[SourceTitle "EXT 2015"]
[Source "ChessBase"]
[SourceDate "2014.11.20"]
[SourceVersion "1"]
[SourceVersionDate "2014.11.20"]
[SourceQuality "1"]
[WhiteTeam "Kolin"]
[BlackTeam "Tabor"]
[WhiteTeamCountry "CZE"]
[BlackTeamCountry "CZE"]

1. d4 Nf6 2. Nf3 e6 3. c4 Bb4+ 4. Nbd2 0-0 5. a3 Be7 6. e4 d5 7. e5 Ne4 8. Bd3 Nxd2 9. Bxd2 c5 10. h4 f5 11. exf6 Bxf6 12. Bxh7+ Kxh7 13. Ng5+ Kg8 14. Qh5 Re8 15. Qf7+ Kh8 16. Qg6 Kg8 17. Qf7+ Kh8 18. Qg6 Kg8 19. h5 Bxg5 20. Bxg5 Qd7 21. h6 Rf8 22. hxg7 Qxg7 23. Qxg7+ Kxg7 24. Bh6+ Kg8 25. Bxf8 cxd4 26. cxd5 exd5 27. Bc5 Nc6 28. 0-0-0 Bf5 29. Bxd4 Nxd4 30. Rxd4 Rc8+ 31. Kd1 Rc2 32. Rd2 Rc5 33. f3 Kg7 34. Rh4 Kf6 35. Rhd4 Be6 36. Rc2 Rb5 37. Rb4 Rxb4 38. axb4 d4 39. Rc7 Bd5 40. Rd7 Ke5 41. Rxd5+ 1-0

[Event "CZE-chT2C 1213"]
[Site "Czech Republic"]
[Date "2013.01.20"]
[Round "7.8"]
[White "Janda, Pavel"]
[Black "Splichal, Petr"]
[Result "1-0"]
[WhiteElo "2116"]
[BlackElo "2041"]
[PlyCount "101"]
[EventDate "2012.10.14"]
[EventType "team-tourn"]
[EventRounds "11"]
[EventCountry "CZE"]
[SourceTitle "EXT 2015"]
[Source "ChessBase"]
[SourceDate "2014.11.20"]
[SourceVersion "1"]
[SourceVersionDate "2014.11.20"]
[SourceQuality "1"]
[WhiteTeam "Tabor"]
[BlackTeam "Kutna Hora"]
[WhiteTeamCountry "CZE"]
[BlackTeamCountry "CZE"]

1. e4 e6 2. d4 d5 3. Nd2 Nc6 4. Ngf3 Nf6 5. e5 Nd7 6. Nb3 Be7 7. Bb5 a6 8. Bxc6 bxc6 9. 0-0 a5 10. Be3 0-0 11. Qd2 Ba6 12. Nxa5 Bxf1 13. Nxc6 Qe8 14. Kxf1 Nb6 15. Nxe7+ Qxe7 16. Bg5 f6 17. exf6 gxf6 18. Bh6 Nc4 19. Qe2 Rfe8 20. b3 Nd6 21. a4 Nf5 22. Bc1 Qb4 23. Qd3 c6 24. g4 Ng7 25. Bh6 e5 26. dxe5 fxe5 27. Bxg7 Kxg7 28. Qf5 Qf4 29. Qxf4 exf4 30. Nd4 c5 31. Nb5 Re5 32. a5 d4 33. a6 Re7 34. Kg2 h5 35. h3 hxg4 36. hxg4 Kg6 37. Kf3 Kg5 38. a7 Rb7 39. Ra5 Rd7 40. b4 Kh4 41. bxc5 d3 42. cxd3 Rxd3+ 43. Ke2 Rd7 44. c6 f3+ 45. Kxf3 Rf8+ 46. Ke2 Re8+ 47. Kf1 Rd1+ 48. Kg2 Ree1 49. a8Q Rg1+ 50. Kf3 Rd3+ 51. Ke2 1-0

[Event "CZE-chT2C 1213"]
[Site "Czech Republic"]
[Date "2012.10.14"]
[Round "1.8"]
[White "Janda, Pavel"]
[Black "Rut, Vojtech"]
[Result "1-0"]
[WhiteElo "2116"]
[BlackElo "2023"]
[PlyCount "109"]
[EventDate "2012.10.14"]
[EventType "team-tourn"]
[EventRounds "11"]
[EventCountry "CZE"]
[SourceTitle "EXT 2015"]
[Source "ChessBase"]
[SourceDate "2014.11.20"]
[SourceVersion "1"]
[SourceVersionDate "2014.11.20"]
[SourceQuality "1"]
[WhiteTeam "Tabor"]
[BlackTeam "Vysehrad II"]
[WhiteTeamCountry "CZE"]
[BlackTeamCountry "CZE"]

1. e4 e6 2. d4 d5 3. Nd2 Be7 4. Ngf3 Nf6 5. Bd3 c5 6. dxc5 dxe4 7. Bxe4 Na6 8. 0-0 Nxc5 9. Qe2 0-0 10. Rd1 Qc7 11. c3 Ncxe4 12. Nxe4 b6 13. Nxf6+ Bxf6 14. Bg5 Bxg5 15. Nxg5 h6 16. Nf3 Bb7 17. Rd4 Rad8 18. Rad1 Rxd4 19. Rxd4 Rd8 20. Qe5 Qe7 21. Rxd8+ Qxd8 22. Nd4 Qd5 23. Qxd5 Bxd5 24. b3 a6 25. c4 Be4 26. b4 Kf8 27. f3 Bb1 28. a3 Ke7 29. Kf2 Kd6 30. Ke3 g5 31. Nb3 Bc2 32. c5+ Kc7 33. cxb6+ Kxb6 34. Nc5 Kb5 35. Kd4 h5 36. Kc3 Bf5 37. a4+ Kb6 38. Kc4 g4 39. a5+ Ka7 40. Nd7 gxf3 41. gxf3 Bh3 42. Kc5 h4 43. Ne5 Bg2 44. f4 f6 45. Ng6 h3 46. Kd6 e5 47. f5 e4 48. Ke6 e3 49. Nf4 Kb7 50. Kxf6 Kc6 51. Ke5 Bf1 52. Kd4 Kb5 53. Kxe3 Bc4 54. Kd4 Kxb4 55. Nd5+ 1-0

[Event "Landesliga Nord 0910"]
[Site "Bayern"]
[Date "2010.02.07"]
[Round "6.6"]
[White "Janda, Pavel"]
[Black "Kwossek, Georg"]
[Result "1-0"]
[WhiteElo "2069"]
[BlackElo "2000"]
[PlyCount "111"]
[EventDate "2009.10.18"]
[EventType "team-tourn"]
[EventRounds "9"]
[EventCountry "GER"]
[SourceTitle "EXT 2011"]
[Source "ChessBase"]
[SourceDate "2010.11.26"]
[SourceVersion "1"]
[SourceVersionDate "2010.11.26"]
[SourceQuality "1"]
[WhiteTeam "Kulmbach"]
[BlackTeam "Kitzingen"]
[WhiteTeamCountry "GER"]
[BlackTeamCountry "GER"]

1. e4 e6 2. d4 d5 3. Nd2 Nc6 4. Ngf3 Nf6 5. e5 Nd7 6. c3 f6 7. Bb5 fxe5 8. dxe5 Be7 9. Nd4 Ndxe5 10. Qh5+ Kf8 11. f4 Nf7 12. Bxc6 bxc6 13. Nxc6 g6 14. Qf3 Bh4+ 15. g3 Qd6 16. Nxa7 Rxa7 17. gxh4 Bb7 18. Qf2 Ra4 19. 0-0 Nh6 20. h3 Nf5 21. b3 Ra8 22. a4 Qc6 23. Nf3 d4 24. cxd4 Qe4 25. Kh2 Bd5 26. Ng5 Qd3 27. b4 Kg7 28. Ra3 Qa6 29. Qe1 Qd6 30. b5 Rhe8 31. Ra1 Kg8 32. Ba3 Qd8 33. Bc5 Qf6 34. Qe5 Qxe5 35. fxe5 h6 36. Nf3 Kg7 37. Rf2 Kh7 38. Ne1 Kg7 39. Nd3 Be4 40. Nf4 Kh7 41. Re1 Bb7 42. h5 Rxa4 43. hxg6+ Kh8 44. Nh5 Rea8 45. Rg1 Ra1 46. Bf8 Rxg1 47. Kxg1 Kg8 48. g7 Ra1+ 49. Rf1 Rxf1+ 50. Kxf1 Ne3+ 51. Ke2 Nd5 52. Kd3 Bc8 53. Kc4 Bd7 54. Kc5 Be8 55. Nf6+ Nxf6 56. exf6 1-0

[Event "Landesliga Nord 0910"]
[Site "Bayern"]
[Date "2009.10.18"]
[Round "1.4"]
[White "Janda, Pavel"]
[Black "Eibl, Maximilian"]
[Result "1-0"]
[WhiteElo "2069"]
[BlackElo "2063"]
[PlyCount "57"]
[EventDate "2009.10.18"]
[EventType "team-tourn"]
[EventRounds "9"]
[EventCountry "GER"]
[SourceTitle "EXT 2011"]
[Source "ChessBase"]
[SourceDate "2010.11.26"]
[SourceVersion "1"]
[SourceVersionDate "2010.11.26"]
[SourceQuality "1"]
[WhiteTeam "Kulmbach"]
[BlackTeam "Kelheim"]
[WhiteTeamCountry "GER"]
[BlackTeamCountry "GER"]

1. e4 c5 2. Nc3 e6 3. f4 d5 4. Bb5+ Nc6 5. Nf3 d4 6. Ne2 Qb6 7. Bxc6+ Qxc6 8. d3 Be7 9. 0-0 Nf6 10. Ng3 b6 11. a4 Bb7 12. Ne5 Qc7 13. a5 b5 14. a6 Bc8 15. Ng4 Nxg4 16. Qxg4 g6 17. f5 e5 18. Qf3 Bh4 19. Ne2 Rb8 20. Bd2 gxf5 21. exf5 h5 22. Qe4 Qe7 23. f6 Qe6 24. Qxh4 Rg8 25. Qxh5 Bxa6 26. Rxa6 Qxa6 27. Qxe5+ Kd7 28. Qe7+ Kc6 29. b4 1-0

[Event "Landesliga Nord 0708"]
[Site "Bayern"]
[Date "2008.04.20"]
[Round "9.5"]
[White "Obermeier, Edi"]
[Black "Janda, Pavel"]
[Result "0-1"]
[WhiteElo "2086"]
[BlackElo "2036"]
[PlyCount "59"]
[EventDate "2007.10.21"]
[EventType "team-tourn"]
[EventRounds "9"]
[EventCountry "GER"]
[SourceTitle "EXT 2009"]
[Source "ChessBase"]
[SourceDate "2008.11.26"]
[SourceVersion "1"]
[SourceVersionDate "2008.11.26"]
[SourceQuality "1"]
[WhiteTeam "Regensburg Fortuna II"]
[BlackTeam "Kulmbach"]
[WhiteTeamCountry "GER"]
[BlackTeamCountry "GER"]

1. e4 e5 2. Nf3 Nc6 3. Bb5 a6 4. Ba4 d6 5. d4 b5 6. Bb3 Nxd4 7. Nxd4 exd4 8. a4 Bb7 9. axb5 axb5 10. Rxa8 Qxa8 11. Qh5 d5 12. exd5 Bd6 13. 0-0 Ne7 14. Na3 Qa5 15. Qd1 b4 16. Nc4 Qxd5 17. Nxd6+ Qxd6 18. Ba4+ c6 19. c3 d3 20. cxb4 0-0 21. Bd2 Nd5 22. Qg4 Qe5 23. Qc4 Nb6 24. Qa2 Qe2 25. b3 Re8 26. Qb2 Nd5 27. Qc1 Qg4 28. h3 Qg6 29. Re1 Re2 30. Rxe2 0-1

[Event "Landesliga Nord 0708"]
[Site "Bayern"]
[Date "2008.04.06"]
[Round "8.4"]
[White "Frieser, Klaus"]
[Black "Janda, Pavel"]
[Result "1/2-1/2"]
[WhiteElo "2130"]
[BlackElo "2010"]
[PlyCount "41"]
[EventDate "2007.10.21"]
[EventType "team-tourn"]
[EventRounds "9"]
[EventCountry "GER"]
[SourceTitle "EXT 2009"]
[Source "ChessBase"]
[SourceDate "2008.11.26"]
[SourceVersion "1"]
[SourceVersionDate "2008.11.26"]
[SourceQuality "1"]
[WhiteTeam "Kelheim"]
[BlackTeam "Kulmbach"]
[WhiteTeamCountry "GER"]
[BlackTeamCountry "GER"]

1. d4 Nf6 2. c4 e5 3. dxe5 Ng4 4. Nf3 Nc6 5. Bf4 Bb4+ 6. Nbd2 Qe7 7. a3 Ngxe5 8. Nxe5 Nxe5 9. e3 Bxd2+ 10. Qxd2 d6 11. Be2 0-0 12. 0-0 b6 13. b4 Bb7 14. Rac1 Rfd8 15. Qc3 Ng6 16. Bg3 a5 17. c5 axb4 18. axb4 dxc5 19. bxc5 Ra2 20. Bc4 Rad2 21. cxb6 1/2-1/2

[Event "Landesliga Nord 0708"]
[Site "Bayern"]
[Date "2007.11.25"]
[Round "3.6"]
[White "Nuernberger, Stefan"]
[Black "Janda, Pavel"]
[Result "1/2-1/2"]
[WhiteElo "2049"]
[BlackElo "2010"]
[PlyCount "45"]
[EventDate "2007.10.21"]
[EventType "team-tourn"]
[EventRounds "9"]
[EventCountry "GER"]
[SourceTitle "EXT 2009"]
[Source "ChessBase"]
[SourceDate "2008.11.26"]
[SourceVersion "1"]
[SourceVersionDate "2008.11.26"]
[SourceQuality "1"]
[WhiteTeam "Marktleuthen"]
[BlackTeam "Kulmbach"]
[WhiteTeamCountry "GER"]
[BlackTeamCountry "GER"]

1. d4 Nf6 2. Nf3 g6 3. Bg5 Bg7 4. Nbd2 0-0 5. e3 d6 6. Be2 Nbd7 7. 0-0 Re8 8. c3 h6 9. Bh4 e5 10. dxe5 Nxe5 11. Nxe5 dxe5 12. Qc2 Bf5 13. e4 Be6 14. Nc4 g5 15. Bg3 Nd7 16. Rfd1 Qe7 17. Ne3 Red8 18. Nd5 Bxd5 19. Rxd5 c6 20. Rd2 Nc5 21. Rad1 Rxd2 22. Rxd2 Rd8 23. Rxd8+ 1/2-1/2

[Event "Tabor op"]
[Site "Tabor"]
[Date "2007.08.04"]
[Round "8"]
[White "Janda, Pavel"]
[Black "Vyskocil, Neklan"]
[Result "0-1"]
[WhiteElo "2142"]
[BlackElo "2358"]
[PlyCount "76"]
[EventDate "2007.07.29"]
[EventType "swiss"]
[EventRounds "9"]
[EventCountry "CZE"]
[SourceTitle "EXT 2009"]
[Source "ChessBase"]
[SourceDate "2008.11.26"]
[SourceVersion "1"]
[SourceVersionDate "2008.11.26"]
[SourceQuality "1"]

1. e4 Nf6 2. e5 Nd5 3. d4 d6 4. c4 Nb6 5. exd6 exd6 6. Bd3 Be7 7. Be3 Nc6 8. Nd2 Bf6 9. Ne2 Bg4 10. f3 Bh5 11. Rc1 Qe7 12. Kf2 0-0 13. Ne4 Bh4+ 14. g3 f5 15. N4c3 Bg5 16. Bxg5 Qxg5 17. c5 dxc5 18. dxc5 Nd7 19. Bc4+ Bf7 20. Qxd7 Bxc4 21. Qxc7 Rae8 22. Qf4 Qxf4 23. gxf4 Nb4 24. Rcd1 Nd3+ 25. Kg3 Re6 26. Rxd3 Bxd3 27. Nd4 Re7 28. Rd1 Bc4 29. b3 Re3 30. Ncb5 Bxb5 31. Nxb5 Re2 32. Nd6 Rf6 33. h4 h5 34. Kh3 Rf2 35. Rd3 Rxa2 36. b4 Rb2 37. b5 Re6 38. Rc3 Ree2 0-1

[Event "Landesliga Nord 0506"]
[Site "Bayern"]
[Date "2006.03.12"]
[Round "8.4"]
[White "Roeder, Gerd"]
[Black "Janda, Pavel"]
[Result "1-0"]
[WhiteElo "2212"]
[BlackElo "2020"]
[PlyCount "71"]
[EventDate "2005.10.23"]
[EventType "team"]
[EventRounds "9"]
[EventCountry "GER"]
[SourceTitle "EXT 2007"]
[Source "ChessBase"]
[SourceDate "2006.11.23"]
[SourceVersion "1"]
[SourceVersionDate "2006.11.23"]
[SourceQuality "1"]

1. e4 d5 2. exd5 Nf6 3. Nc3 Nxd5 4. Bc4 c6 5. Qf3 Be6 6. Nge2 Nc7 7. b3 Bxc4 8. bxc4 Nd7 9. Rb1 Rb8 10. d4 e5 11. dxe5 Ne6 12. Qg3 Qa5 13. f4 Bc5 14. Be3 0-0 15. f5 Bb4 16. Bd2 Nec5 17. 0-0 Kh8 18. Kh1 Rfe8 19. a3 Bxc3 20. Bxc3 Qa4 21. e6 Nf6 22. exf7 Red8 23. Bxf6 gxf6 24. Qh4 Kg7 25. Rf3 Qxc2 26. Rg3+ Kf8 27. Qh6+ Ke7 28. Re1 Rd1 29. Re3+ Ne4 30. Rxd1 Qxd1+ 31. Ng1 Qg4 32. Qh3 Kxf7 33. Qxh7+ Kf8 34. Rxe4 Qxe4 35. Qh8+ Ke7 36. Qxb8 1-0

[Event "CZE-chT2c 0506"]
[Site "Czech Republic"]
[Date "2006.02.26"]
[Round "8.5"]
[White "Janda, Pavel"]
[Black "Kubecka, David"]
[Result "1/2-1/2"]
[WhiteElo "2158"]
[BlackElo "2254"]
[PlyCount "93"]
[EventDate "2005.10.16"]
[EventType "team"]
[EventRounds "11"]
[EventCountry "CZE"]
[SourceTitle "EXT 2009"]
[Source "ChessBase"]
[SourceDate "2008.11.26"]
[SourceVersion "1"]
[SourceVersionDate "2008.11.26"]
[SourceQuality "1"]
[WhiteTeam "Vysehrad III"]
[BlackTeam "Vrsovice"]
[WhiteTeamCountry "CZE"]
[BlackTeamCountry "CZE"]

1. e4 Nf6 2. e5 Nd5 3. d4 d6 4. c4 Nb6 5. exd6 exd6 6. Bd3 Nc6 7. Be3 Be7 8. Nd2 0-0 9. a3 f5 10. f4 Re8 11. Kf2 Bf6 12. Ngf3 Qe7 13. Re1 Qf7 14. Kg1 Bd7 15. Qc2 g6 16. Bf2 Rxe1+ 17. Rxe1 Re8 18. Rxe8+ Qxe8 19. b4 Nd8 20. b5 Be6 21. a4 Bf7 22. a5 Nc8 23. c5 dxc5 24. dxc5 Ne7 25. g3 Nd5 26. Bc4 Ne3 27. Bxf7+ Nxf7 28. Qb3 Ng4 29. h3 Nxf2 30. Kxf2 Kg7 31. Qc4 Nd8 32. Nd4 h5 33. Qd5 Qf7 34. Qxf7+ Kxf7 35. N4f3 Ke6 36. Ke3 Kd5 37. b6 cxb6 38. cxb6 a6 39. Kd3 Nc6 40. Nb3 Nb4+ 41. Ke3 Nc6 42. Kd3 Nb4+ 43. Ke3 Kc4 44. Nbd2+ Kb5 45. Nd4+ Kc5 46. N4b3+ Kd5 47. Nf3 1/2-1/2

[Event "CZE-chT2c 0506"]
[Site "Czech Republic"]
[Date "2006.02.12"]
[Round "7.6"]
[White "Janda, Pavel"]
[Black "Kalous, Miroslav"]
[Result "0-1"]
[WhiteElo "2158"]
[BlackElo "2102"]
[PlyCount "58"]
[EventDate "2005.10.16"]
[EventType "team"]
[EventRounds "11"]
[EventCountry "CZE"]
[SourceTitle "EXT 2009"]
[Source "ChessBase"]
[SourceDate "2008.11.26"]
[SourceVersion "1"]
[SourceVersionDate "2008.11.26"]
[SourceQuality "1"]
[WhiteTeam "Vysehrad III"]
[BlackTeam "Bohemians II"]
[WhiteTeamCountry "CZE"]
[BlackTeamCountry "CZE"]

1. e4 e6 2. d4 d5 3. Nd2 b6 4. Ngf3 Nf6 5. Bd3 Bb7 6. e5 Nfd7 7. Qe2 c5 8. c3 Nc6 9. a3 a5 10. b3 Be7 11. h4 h6 12. g4 Qc8 13. 0-0 cxd4 14. c4 Nc5 15. Bb2 Nxd3 16. Qxd3 Ba6 17. Rac1 Qb7 18. Rfe1 Rd8 19. g5 hxg5 20. hxg5 g6 21. Kg2 Rh5 22. Rh1 dxc4 23. Qe4 Rxh1 24. Rxh1 c3 25. Rh8+ Kd7 26. Rxd8+ Bxd8 27. Bxc3 dxc3 28. Nc4 Bxc4 29. bxc4 c2 0-1